Languages Spoken By Every World Leader T-Z - Statistics

General Stats
  • This quiz has been taken 75 times
    25 since last reset
  • The average score is 41 of 52
Answer Stats
Country Leader Answer % Correct
Tunisia Qais Sa'id Arabic
100%
United Arab Emirates Mohammed bin Rashid al-Maktoum Arabic
100%
Western Sahara Brahim Ghali Arabic
100%
Yemen Abdul-Malik al-Houthi / Rashad al-Alimi Arabic
100%
Tunisia Qais Sa'id French
100%
Vatican City Leo XIV French
100%
Venezuela Delcy Rodríguez French
100%
Transnistria Vadim Krasnoselsky Russian
100%
Turkmenistan Gurbanguly Berdimuhamedow Russian
100%
Ukraine Volodymyr Zelenskyi Russian
100%
Uzbekistan Shavkat Mirziyoyev Russian
100%
Uruguay Yamandú Orsi Spanish
100%
Vatican City Leo XIV Spanish
100%
Venezuela Delcy Rodríguez Spanish
100%
Western Sahara Brahim Ghali Spanish
100%
Trinidad and Tobago Kamla Persad-Bissessar English
96%
Tunisia Qais Sa'id English
96%
Turkmenistan Gurbanguly Berdimuhamedow English
96%
Tuvalu Feleti Teo English
96%
Uganda Yoweri Museveni English
96%
Ukraine Volodymyr Zelenskyi English
96%
United Arab Emirates Mohammed bin Rashid al-Maktoum English
96%
United Kingdom Keir Starmer English
96%
United States Donald Trump English
96%
Vanuatu Jotham Napat English
96%
Vatican City Leo XIV English
96%
Venezuela Delcy Rodríguez English
96%
Zambia Hakainde Hichilema English
96%
Zimbabwe Emmerson Mnangagwa English
96%
Vatican City Leo XIV German
96%
Ukraine Volodymyr Zelenskyi Ukrainian
96%
Vietnam Tô Lâm Vietnamese
96%
Uganda Yoweri Museveni Kiswahili
92%
Vatican City Leo XIV Latin
92%
Türkiye Recep Tayyip Erdoğan Turkish
92%
Turkmenistan Gurbanguly Berdimuhamedow Turkmen
92%
Vatican City Leo XIV Italian
88%
Uzbekistan Shavkat Mirziyoyev Uzbek
88%
Tuvalu Feleti Teo Tuvaluan
83%
Vatican City Leo XIV Portuguese
75%
Ukraine Volodymyr Zelenskyi Hebrew
54%
Zimbabwe Emmerson Mnangagwa chiShona
46%
Vanuatu Jotham Napat Bislama
42%
Uganda Yoweri Museveni Luganda
38%
Zimbabwe Emmerson Mnangagwa Nyanja
29%
Zimbabwe Emmerson Mnangagwa ChiBemba
17%
Zimbabwe Emmerson Mnangagwa isiNdebele saseNyakatho
17%
Zambia Hakainde Hichilema isiTonga
17%
Zimbabwe Emmerson Mnangagwa isiTonga
17%
Uganda Yoweri Museveni Nkore-Kiga (Bahororo)
13%
Uganda Yoweri Museveni Lëblaŋo
8%
Vanuatu Jotham Napat Whitesands
4%
No matching quizzes found
Score Distribution
Percent of People with Each Score
Percentile by Number Answered
Your Score History
You have not taken this quiz since the last reset